000
00257nam a2200121Ia 4500
100
_a
Varadarajan/ D.S.
942
_c
BK
654
_a
Industrial
245
_a
Industrial Automation
260
_b
Nirali prakashan
_c
1999
546
_a
ENGLISH
999
_c
28032
_d
28032